000 00352nam a2200157Ia 4500
100 _aHarrington/H.James
650 _aSimulation
942 _cBK
366 _f20
654 _asimulation
245 _aSimulation modeling methods
260 _bTata Mc Graw hill Ltd.
_c2000
082 _a3.3
_bHAR
300 _a379
546 _aENGLISH
_cInfo.Tech
999 _c21470
_d21470